000 00420cam a22001097a 4500
008 180718b1978 xxu||||| |||| 00| 0 eng d
082 _aG5x5452 T152/1967-75
245 _aCompendium of rulings, from 15th March 1967 to 12th November 1975
_cby Legislative Assembly Department, Tamil Nadu
260 _aMadras
_bLegislative Assembly Department
_c1978
300 _a724+p
700 _aTamil Nadu. Legislative Assembly Department
999 _c491052
_d491052